000 00286nam a22001217a 4500
008 180516b xxu||||| |||| 00| 0 eng d
041 _aeng
080 _a043.3
100 _a0
101 _aMBE-BTH
245 _aTregu dhe funksioni i tregut në Ekonomi
_cBabatinca,L
942 _2udc
_cBK
999 _c45854
_d45854